Fr. Conceicao Rodrigues College of Engineering

C & Data structures (Record no. 29635)

MARC details
000 -LEADER
fixed length control field 00360nam a2200169Ia 4500
082 ## - DEWEY DECIMAL CLASSIFICATION NUMBER
Item number DES
100 ## - MAIN ENTRY--PERSONAL NAME
Personal name Deshpande/P.S/ Kakde/O.G
245 ## - TITLE STATEMENT
Title C & Data structures
260 ## - PUBLICATION, DISTRIBUTION, ETC.
Name of publisher, distributor, etc. Dreamtech
Date of publication, distribution, etc. 2005
366 ## - TRADE AVAILABILITY INFORMATION
Publishers's discount category 25
300 ## - PHYSICAL DESCRIPTION
Extent 700
546 ## - LANGUAGE NOTE
Language note ENGLISH
-- Computers
650 ## - SUBJECT ADDED ENTRY--TOPICAL TERM
Topical term or geographic name entry element Data structures
654 ## - SUBJECT ADDED ENTRY--FACETED TOPICAL TERMS
Focus term data structures
942 ## - ADDED ENTRY ELEMENTS (KOHA)
Koha item type BOOK
Holdings
Withdrawn status Lost status Damaged status Not for loan Collection Home library Current library Date acquired Source of acquisition Cost, normal purchase price Inventory number Total Checkouts Full call number Barcode Date last seen Date last checked out Cost, replacement price Price effective from Koha item type Date due
        CRC Fr. Agnel's C.Rodrigues College of Engineering AGNEL TECHNICAL COLLEGE LIBRARY 17/03/2023 Professional Book House. 299.25 11 dt 12/07/2013 1 DES 22896 30/07/2025 18/07/2025 399.00   BOOK  
        CRC Fr. Agnel's C.Rodrigues College of Engineering Fr. Agnel's C.Rodrigues College of Engineering 17/03/2023 Professional Book House. 299.25 11 dt 12/07/2013   DES 22897 17/03/2023   399.00   BOOK  
        CRC Fr. Agnel's C.Rodrigues College of Engineering Fr. Agnel's C.Rodrigues College of Engineering 17/03/2023 Professional Book House. 299.25 11 dt 12/07/2013   DES 22898 17/03/2023   399.00   BOOK  
        CRC Fr. Agnel's C.Rodrigues College of Engineering Fr. Agnel's C.Rodrigues College of Engineering 17/03/2023 Professional Book House. 299.25 11 dt 12/07/2013 2 DES 22900 09/09/2024 04/09/2024 399.00   BOOK  
        CRC Fr. Agnel's C.Rodrigues College of Engineering Fr. Agnel's C.Rodrigues- College of Engineering 17/03/2023 Professional Book House. 299.25 11 dt 12/07/2013 1 DES 22899 11/09/2023 11/09/2023 399.00   BOOK 18/09/2023